It looks like you're offline.
Open Library logo
additional options menu

MARC Record from Scriblio

Record ID marc_records_scriblio_net/part03.dat:12851869:606
Source Scriblio
Download Link /show-records/marc_records_scriblio_net/part03.dat:12851869:606?format=raw

LEADER: 00606cam 22002051 4500
001 33014073
003 DLC
005 20050514135908.0
008 920129s1932 bl 000 0 por
010 $a 33014073
035 $a(OCoLC)25186076
040 $aDLC$cNcD$dDLC
042 $apremarc
050 00 $aPQ9697.L74$bC3
100 1 $aAlmeida, Júlia Lopes de,$d1862-1934.
245 12 $aA Case verde,$bromance.
260 $aSão Paulo,$bCompanhia editora nacional,$c1932.
300 $a428 p.$c19 cm.
500 $aAt head of title: Julia Lopes de Almeida e Filinto de Almeida.
600 10 $aAlmeida, Filinto de$d1857-